000 01061nam a2200229Ia 4500
003 OSt
005 20221213075500.0
008 210310s1973 mx gr 001 0 spa d
040 _aCO-JMCR
_cCO-JMCR
041 1 _aspa
_heng
082 0 4 _223
_a657.62 /
_bF767a
100 1 _aFoulke, Roy A.,
_935355
_eautor
245 1 0 _aAnálisis practico de estados financieros /
_cRoy A. Foulke ; traducción de la sexta edición en inglés por Manuel de J. Fernández Cepero
260 _aMéxico :
_bUnión Tipográfica Editorial Hispano-Americana,
_c1973
300 _axix, 824 páginas ;
_c23 cm
500 _aIncluye índice alfabético
505 0 _aAntecedentes del análisis -- Análisis de empresas mercantiles pequeñas -- Análisis interno de balances de situación -- Análisis comparativo de balances de situación -- Estados de ganancias y pérdidas -- Cuentas del superávit -- Síntesis
650 1 4 _aAnálisis de balances
_935357
650 2 4 _aEstados financieros
700 1 _aFernández Cepero, Manuel de J.,
_etraductor
_937035
942 _2ddc
_cBK
999 _c15114
_d15114